Vulcanization without application of heat (Record no. 72265)

MARC details
000 -LEADER
fixed length control field 00362nam a2200145Ia 4500
100 ## - MAIN ENTRY--AUTHOR NAME
Personal name Majumdar Samir
245 #0 - TITLE STATEMENT
Title Vulcanization without application of heat
260 ## - PUBLICATION, DISTRIBUTION, ETC. (IMPRINT)
Name of publisher Rubberchem Review
Year of publication 1999
300 ## - PHYSICAL DESCRIPTION
Number of Pages 15-24
650 ## - SUBJECT ADDED ENTRY--TOPICAL TERM
Topical Term Crosslinking
650 ## - SUBJECT ADDED ENTRY--TOPICAL TERM
Topical Term Swelling
650 ## - SUBJECT ADDED ENTRY--TOPICAL TERM
Topical Term Vulcanization
942 ## - ADDED ENTRY ELEMENTS (KOHA)
Koha item type Journals
Holdings
Withdrawn status Lost status Damaged status Not for loan Home library Current library Shelving location Date acquired Serial Enumeration / chronology Koha item type
      Journals RRII Library RRII Library Rubber chemistry 17/12/2021 Volume 28, Issue 8 Journals